000 00216nam a22000977a 4500
999 _c15889
_d15889
003 OSt
008 191023b ||||| |||| 00| 0 eng d
100 _aWells,H G.
_94379
245 _aThe out line of History
942 _cBK